000 01095cab a22002415a 4500
001 L157404
008 121123e2012 xxk 000 0 eng d
035 _a(Sirsi) u157404
041 0 _aeng
100 1 _aEade, Christine
245 0 0 _aMarkets
_bKent, Surrey and Sussex
260 _c2012
490 0 _aProperty Week
_v78 (45) 9 November 2012, 51-60(5)
520 _aOutlines recent commercial property activity in the region: Woking Borough Council is to spend £150m on its town centre redevelopment plans in conjunction with developer Moyallen, and pharmaceutical giant Pfizer has left its Discovery Park science park site in Sandwich well equipped for new tenants. A consultation has begun on possible developments for Bognor Regis's two local-authorit owned car parks. Development Securities has built up a successful partnership with specialist developer Berkshire Investment Capital.
590 _aKA
651 4 _aKent
651 4 _aSurrey
651 4 _aSussex
690 _aCommercial property
_96227
700 1 _aWhitmore, James
700 1 _aGrice, Neil
942 _n0
999 _c84366
_d84366